Top 10 Kohle Produzierende Länder - Statistiken

Allgemein
  • Dieses Quiz wurde 1.951 mal gespielt
  • Das Durchschnittsergebnis liegt bei 7 aus 10
Antwortstatistiken
Tonnen pro Jahr Antwort % Korrekt
3,523,200,000 China
95%
702,300,000 Vereinigte Staaten
95%
411,200,000 Russland
92%
175,100,000 Deutschland
89%
716,000,000 Indien
79%
481,300,000 Australien
62%
127,100,000 Polen
56%
111,100,000 Kasachstan
42%
461,000,000 Indonesien
35%
252,300,000 Südafrika
32%
Keine übereinstimmenden Quizze gefunden
Verteilung der Resultate
Anzahl Personen mit jedem Resultat
Perzentil nach korrekt beantworteten Fragen
Ihre Resultats-Entwicklung
Sie haben dieses Quiz noch nicht gespielt